Open GL : (Record no. 7106)

MARC details
000 -LEADER
fixed length control field 00663cam a2200253ua 4500
001 - CONTROL NUMBER
control field 7992
005 - DATE AND TIME OF LATEST TRANSACTION
control field 20260515114258.0
008 - FIXED-LENGTH DATA ELEMENTS--GENERAL INFORMATION
fixed length control field 150103n ii |||gr||||Z||||||eng
020 ## - INTERNATIONAL STANDARD BOOK NUMBER
International Standard Book Number 9788131721841
040 ## - CATALOGING SOURCE
Transcribing agency MAIN
041 ## - LANGUAGE CODE
Language code of text/sound track or separate title eng
082 ## - DEWEY DECIMAL CLASSIFICATION NUMBER
Classification number 005.1
100 ## - MAIN ENTRY--PERSONAL NAME
Personal name Shreiner, D.,
Relator term Author.,
245 1# - TITLE STATEMENT
Title Open GL :
Remainder of title Programming guide /
Statement of responsibility, etc. By Dave Shreiner .
250 ## - EDITION STATEMENT
Edition statement 6th ed.
260 ## - PUBLICATION, DISTRIBUTION, ETC.
Place of publication, distribution, etc. New Delhi:
Name of publisher, distributor, etc. Pearson,
Date of publication, distribution, etc. 2008.
300 ## - PHYSICAL DESCRIPTION
Extent xlvii,852p.
653 ## - INDEX TERM--UNCONTROLLED
Uncontrolled term Computer programming, programs & data
653 ## - INDEX TERM--UNCONTROLLED
Uncontrolled term Programming guide
700 ## - ADDED ENTRY--PERSONAL NAME
Personal name Woo, M.,
Relator term Author.
700 ## - ADDED ENTRY--PERSONAL NAME
Personal name Neider, J.,
Relator term Author.
700 ## - ADDED ENTRY--PERSONAL NAME
Personal name Davis, T.,
Relator term Author.
942 ## - ADDED ENTRY ELEMENTS (KOHA)
Koha item type Books
Holdings
Withdrawn status Lost status Damaged status Not for loan Home library Current library Shelving location Date acquired Total checkouts Full call number Barcode Date last seen Copy number Price effective from Koha item type
        Naharkatiya College Library Naharkatiya College Library General stacks 09/19/2020   005.1 | OPE 22741 09/19/2020 1 09/19/2020 Books